Music Genres - Statistics

General Stats
  • This quiz has been taken 188 times
    167 since last reset
  • The average score is 7 of 12
Answer Stats
Hints Answer % Correct
Cowboys and Such Country
90%
Think 50s Rock and Roll
85%
Sax Man! Jazz
83%
Rhyming is key Rap
76%
Upbeat Pop
75%
Think 70s Disco
67%
Praise the Lord Gospel
57%
When you're sad Blues
52%
Use Computers Dubstep / Techno
52%
Lots of Screaming Heavy Metal
52%
Woodwinds, bass, and Percussion Classical
47%
A little bit of South America Tango
10%
No matching quizzes found
Score Distribution
Percent of People with Each Score
Percentile by Number Answered
Your Score History
You have not taken this quiz since the last reset